Science Quiz

Random Science or Chemistry Quiz

Formulas Rock Forming Minerals Quiz Stats

 Plays Quiz not verified by Sporcle

Challenge
Share
Tweet
Embed
Score 0/11 Timer 10:00
0 Plays Today
Category Chemical Formula % Correct
Carbonate MineralCaCO3
58.8%
SilicateSiO2
58.8%
Feldspar groupCaAl2Si2O8
52.9%
Feldspar groupNaAlSi3O8
52.9%
Feldspar groupKAlSi3O8
47.1%
OlivineFe2SiO4
41.2%
OlivineMg2SiO4
41.2%
MicaKAl2(AlSi3O10)(OH)2
29.4%
Pyroxene(Ca,Na)(Mg,Fe,Al,Ti)(Si,Al)2O6
29.4%
MicaK(Mg,Fe)3(AlSi3O10)(F,OH)2
23.5%
AmphiboleCa2(Mg,Fe,Al)5(Al,Si)8O22(OH)2
23.5%

You're not logged in!

Compare scores with friends on all Sporcle quizzes.
Join for Free
OR
Log In

You Might Also Like...

Show Comments

Extras

Top Quizzes Today


Score Distribution

Your Account Isn't Verified!

In order to create a playlist on Sporcle, you need to verify the email address you used during registration. Go to your Sporcle Settings to finish the process.

Report this User

Report this user for behavior that violates our Community Guidelines.

Details: